Экономика, организация и планирование промышленного производства: учебник для вузов

Podrobná bibliografie
Další autoři: Санамов Ю. А. Юрий Акопович (редактор)
Jazyk:ruština
Vydáno: Москва, Высшая школа, 1985
Témata:
Médium: MixedMaterials Kniha
KOHA link:https://koha.lib.tpu.ru/cgi-bin/koha/opac-detail.pl?biblionumber=286893

MARC

LEADER 00000nam0a2200000 4500
001 286893
005 20231101235933.0
020 |a RU  |b 85-43793 
035 |a (RuTPU)RU\TPU\book\311248 
090 |a 286893 
100 |a 20150311d1985 m y0rusy5003 ca 
101 0 |a rus 
102 |a RU 
105 |a y j 001zy 
200 1 |a Экономика, организация и планирование промышленного производства  |e учебник для вузов  |f под ред. Ю. А. Санамова 
210 |a Москва  |c Высшая школа  |d 1985 
215 |a 416 с. 
320 |a Библиогр.: с. 404-407 
320 |a Предметный указатель: с. 408-412 
606 1 |a Промышленные предприятия  |x Экономика  |2 stltpush  |3 (RuTPU)RU\TPU\subj\52720  |9 71123 
610 1 |a учебники 
610 1 |a организация 
610 1 |a планирование 
610 1 |a производственные объединения 
610 1 |a экономическая эффективность 
610 1 |a научно-технический прогресс 
675 |a 658(075.8)  |z rus  |v 4 
702 1 |a Санамов  |b Ю. А.  |g Юрий Акопович  |4 340 
801 0 |a RU  |b RuMRKP  |c 19950704  |g psbo 
801 1 |a RU  |b 63413507  |c 20150311 
801 2 |a RU  |b 63413507  |c 20170629  |g RCR 
942 |c BK